Assessment of young developmentally disabled children /

Bibliographic Details
Other Authors: Wachs, Theodore, 1941-, Sheehan, Robert, 1951-
Format: Book
Language:English
Published: New York : Plenum Press, [1988]
Series:Perspectives in developmental psychology.
Subjects:

MARC

Tag First Indicator Second Indicator Subfields
LEADER 00000cam a2200000 a 4500
001 in00000031156
005 20151007060316.0
008 880129s1988 nyua b 00100 eng
010 |a  88002966  
020 |a 0306427338 
035 |a (OCoLC)17551656 
035 |9 AAC0545AM 
040 |a DLC  |c DLC  |d TXA  |d UtOrBLW 
049 |a TXAM  |c [A11691578] 
050 0 0 |a RJ135  |b .A85 1988 
082 0 |a 618.92/8588  |2 19 
245 0 0 |a Assessment of young developmentally disabled children /  |c edited by Theodore D. Wachs and Robert Sheehan. 
264 1 |a New York :  |b Plenum Press,  |c [1988] 
264 4 |c ©1988 
300 |a xviii, 419 pages :  |b illustrations ;  |c 26 cm. 
336 |a text  |b txt  |2 rdacontent 
337 |a unmediated  |b n  |2 rdamedia 
338 |a volume  |b nc  |2 rdacarrier 
490 1 |a Perspectives in developmental psychology 
504 |a Includes bibliographies and indexes. 
650 0 |a Developmentally disabled children. 
700 1 |a Wachs, Theodore,  |d 1941- 
700 1 |a Sheehan, Robert,  |d 1951- 
830 0 |a Perspectives in developmental psychology. 
999 |a MARS 
999 f f |s c46627e8-4a3d-316d-800d-f6cf46b49f5a  |i 0e9446aa-e33c-3658-bb2c-730130e35b9b  |t 0 
952 f f |p ric  |a Texas A&M University  |b Rellis Campus  |c Joint Library Facility  |d Remote Storage  |t 0  |e RJ135 .A85 1988  |h Library of Congress classification  |i unmediated -- volume  |m A14811691578 
998 f f |a RJ135 .A85 1988  |t 0  |l Remote Storage